An Introduction to Dynamic Meterology (Record no. 4506)

000 -LEADER
fixed length control field 00387nam a2200157Ia 4500
008 - FIXED-LENGTH DATA ELEMENTS--GENERAL INFORMATION
fixed length control field 200103s9999||||xx |||||||||||||| ||und||
020 ## - INTERNATIONAL STANDARD BOOK NUMBER
International Standard Book Number 9780123540157
082 ## - DEWEY DECIMAL CLASSIFICATION NUMBER
Classification number Column-10
100 ## - MAIN ENTRY--PERSONAL NAME
Personal name Holton, James R.
245 #3 - TITLE STATEMENT
Title An Introduction to Dynamic Meterology
250 ## - EDITION STATEMENT
Edition statement 4th ed.
260 ## - PUBLICATION, DISTRIBUTION, ETC. (IMPRINT)
Name of publisher, distributor, etc Elsevier Academic Press
Date of publication, distribution, etc 2004
300 ## - PHYSICAL DESCRIPTION
Extent xii, 535
942 ## - ADDED ENTRY ELEMENTS (KOHA)
Item type Books
Holdings
Withdrawn status Lost status Damaged status Not for loan Shelving location Date acquired Barcode Date last seen Koha item type
          2020-01-08 MPC4449 2025-03-17 Books
Copyright © 2021 Indian Maritime University, Mumbai Port Campus. All Rights Reserved. Managed & Maintained by Central Library, IMU-Mumbai

webs counters

Powered by Koha